|
|
|
|
| LEADER |
00000nam0a2200000 4500 |
| 001 |
107491 |
| 005 |
20231031115313.0 |
| 010 |
|
|
|a 502003200X
|
| 020 |
|
|
|a RU
|
| 035 |
|
|
|a (RuTPU)RU\TPU\book\116050
|
| 090 |
|
|
|a 107491
|
| 100 |
|
|
|a 20061225d1989 k y0rusy5003 ca
|
| 101 |
0 |
|
|a rus
|
| 102 |
|
|
|a RU
|
| 105 |
|
|
|a a z 001zy
|
| 200 |
1 |
|
|a Метасоматические процессы в вулканических толщах
|f В. Л. Русинов
|g Академия Наук СССР; Институт геологии рудных месторождений, петрографии, минералогии и геохимии; под ред. Н. Н. Перцева
|
| 210 |
|
|
|a Москва
|c Наука
|d 1989
|
| 215 |
|
|
|a 215 с.
|c ил.
|
| 225 |
1 |
|
|a Литература по геологии
|
| 320 |
|
|
|a Библиогр.: с. 205-212.
|
| 610 |
1 |
|
|a метасоматизм
|
| 610 |
1 |
|
|a метасоматические процессы
|
| 610 |
1 |
|
|a рудообразование
|
| 610 |
1 |
|
|a вулканические толщи
|
| 610 |
1 |
|
|a физико-химические условия
|
| 610 |
1 |
|
|a метасоматическая зональность
|
| 675 |
|
|
|a 553.22
|v 3
|
| 700 |
|
1 |
|a Русинов
|b В. Л.
|g Владимир Леонидович
|
| 702 |
|
1 |
|a Перцев
|b Н. Н.
|4 340
|
| 712 |
0 |
2 |
|a Академия наук СССР (АН СССР)
|b Институт геологии рудных месторождений, петрографии, минералогии и геохимии (ИГЕМ)
|c (Москва)
|2 stltpush
|3 (RuTPU)RU\TPU\col\11398
|
| 801 |
|
0 |
|a RU
|b RuMRKP
|c 19950417
|g psbo
|
| 801 |
|
1 |
|a RU
|b 63413507
|c 20061225
|g PSBO
|
| 801 |
|
2 |
|a RU
|b 63413507
|c 20071123
|g PSBO
|
| 942 |
|
|
|c BK
|